Sub-brigadas sanitarias : tarifas / Diputación Provincial de Barcelona. Servicios Sanitarios tarifas / Diputación Provincial de Barcelona. Servicios Sanitarios
Descripción Física:
15 p. ; 16 x 23 cm
Materias:
Salut pública -- Tarifes
MARC
| LEADER | 00000nam a2200000Ia 4500 | ||
|---|---|---|---|
| 001 | 15844 | ||
| 003 | BGR | ||
| 005 | 20260410113643.0 | ||
| 008 | 160829s1929?] xx 000 0 cat d | ||
| 080 | |a RF-12-20 | ||
| 110 | 1 | |a Barcelona (Catalunya : Província). |b Diputació |b Serveis Sanitaris |9 52408 | |
| 245 | |a Sub-brigadas sanitarias : |b tarifas / Diputación Provincial de Barcelona. Servicios Sanitarios | ||
| 260 | |a Barcelona : |b [Diputación Provincial de Barcelona, |c 1929?] | ||
| 300 | |a 15 p. ; |c 16 x 23 cm | ||
| 590 | |a Prové de MA-814 | ||
| 650 | |a Salut pública |x Tarifes |9 46886 | ||
| 856 | 4 | |u https://media.diba.cat/diba/fitxers/arxiu/fulletons/bib_15844_1929_baixa.pdf |y Accés lliure | |
| 856 | 4 | |u https://media.diba.cat/diba/fitxers/arxiu/fulletons/bib_15844_1929_baixa.pdf |y Accés lliure | |
| 900 | |a bib_15844_1929_baixa.pdf | ||
| 901 | |a Arxiu | ||
| 942 | |n 1 |2 udc |c MON | ||
| 952 | |0 0 |1 0 |4 0 |6 RF1220 |7 1 |9 53511 |a Arxiu |b Arxiu |d 2016-12-01 |l 0 |o RF-12-20 |p 15844 |r 2016-12-01 00:00:00 |w 2016-12-01 |y ARXIU | ||
| 999 | |c 57377 |d 57377 | ||